Music Quiz

Random Music or Classical Quiz

Music Class 10 to 1 Quiz Stats

 Plays Quiz Updated Jun 22, 2017

Support Sporcle.
Go Orange.
Score 0/55 Timer 06:00
0 Plays Today
% Correct
Cymbals
94.6%
Bongos
93.7%
Triangle
91.6%
Xylophone
90.7%
Wood Blocks
89.1%
Snare
87%
Maracas
85.8%
Timpani
84.4%
Allegro
83%
Stravinsky
82.5%
Wagner
82.1%
Vivaldi
82%
Chopin
81.8%
Violin
81.4%
Glockenspiel
80.8%
Cello
80.7%
Viola
80.6%
Strauss
80%
Accelerando
77.6%
Mahler
77.1%
Liszt
76.9%
Marimba
72.6%
Moderato
72.1%
Double Bass
71.8%
Andante
69.3%
Crescendo
67.7%
Verse & Refrain
65.8%
Saxophone
65.5%
% Correct
Theme & Variations
61.5%
Presto
60.1%
Ravel
58.8%
English Horn
58.5%
Diminuendo
58.4%
Staccato
58.2%
Medley
57.7%
Pianissimo
57.4%
Sousaphone
54%
Strophic
52.8%
Largo
52.8%
Vibrato
52.7%
Forte
51.9%
Pizzicato
51.6%
Binary
49.7%
Glissando
47.8%
Tremolo
47.1%
Rallentando
45.1%
Fortissimo
43.1%
Ternary
40.2%
Rondo
40%
Step
38%
Skip
37.9%
Leap
37.7%
Sforzando
36.2%
Vivace
35.2%
Grave
30.1%

You're not logged in!

Compare scores with friends on all Sporcle quizzes.
OR
Log In
Forgot?

From the Vault

Countries by First Letter Minefield

by Barbecue

We're pretty sure no country names start with numbers, though.
Remove Ads.
Support Sporcle.
Get the best of Sporcle when you Go Orange. This ad-free experience offers more features, more stats, and more fun while also helping to support Sporcle. Thank you for becoming a member.

Show Comments

Extras

Top Quizzes Today


Score Distribution

Your Account Isn't Verified!

In order to create a playlist on Sporcle, you need to verify the email address you used during registration. Go to your Sporcle Settings to finish the process.

Report this User

Report this user for behavior that violates our Community Guidelines.

Details: